ਤਰਲੋਕ ਮਨਸੂਰ ਦੀਆਂ ਕਹਾਮੀਆਂ / (Record no. 71313)

MARC details
000 -LEADER
fixed length control field 01068nam a22002417a 4500
005 - DATE AND TIME OF LATEST TRANSACTION
control field 20130610115658.0
008 - FIXED-LENGTH DATA ELEMENTS--GENERAL INFORMATION
fixed length control field 090728t xxu||||| |||| 00| 0 pun d
010 ## - LCCN (DPL NO)
LC control number PUN-7468 B-494114-118
020 ## - INTERNATIONAL STANDARD BOOK NUMBER
Terms of availability 400.00
International Standard Book Number 9788179144947
035 ## - SYSTEM CONTROL NUMBER
System control number PN-6586 B-494114-118
037 ## - SOURCE OF ACQUISITION
Source of stock number/acquisition DBAD / PUB/Tarlochan Publishers
037 ## - SOURCE OF ACQUISITION
Source of stock number/acquisition BPPD/KKP
040 ## - CATALOGING SOURCE
Original cataloging agency dpl
Language of cataloging PN
082 ## - DEWEY DECIMAL CLASSIFICATION NUMBER
Classification number
245 ## - TITLE STATEMENT
Title ਤਰਲੋਕ ਮਨਸੂਰ ਦੀਆਂ ਕਹਾਮੀਆਂ /
Statement of responsibility, etc ਬਲਜੀਤ ਸਿੰਘ ਦ੍ਵਾਰਾ ਸੰਪਾਦਿਤ
246 ## - VARYING FORM OF TITLE
Title proper/short title Tarlok Mansoor dian kahanian
Remainder of title ed by Baljit Singh
260 ## - PUBLICATION, DISTRIBUTION, ETC. (IMPRINT)
Place of publication, distribution, etc Delhi
Name of publisher, distributor, etc Tarlochan Publishers
Date of publication, distribution, etc 2012
270 ## - ADDRESS
City Shop No-7,12/190 ,Geeta Colony
Address Delhi
Telephone number 9312271252
Postal code 110031
Electronic mail address manpreet1948@gmail.com
300 ## - PHYSICAL DESCRIPTION
Extent 336ਪਂ;
Other physical details 22ਸੇਂਮੀ(ਸਜਿਲਦ)
700 ## - ADDED ENTRY--PERSONAL NAME
9 (RLIN) 53424
Personal name ਬਲਜੀਤ ਸਿੰਘ
942 ## - ADDED ENTRY ELEMENTS (KOHA)
Source of classification or shelving scheme Dewey Decimal Classification
Item type Punjabi Bks
Classification part
Call number suffix ਤਰਲੋ
Holdings
Withdrawn status Lost status Source of classification or shelving scheme Damaged status Not for loan Collection code Home library Current library Date acquired Source of acquisition Cost, normal purchase price Total Checkouts Full call number Barcode Date last seen Copy number Cost, replacement price Koha item type
    Dewey Decimal Classification     Fiction Central Library Central Library 10/06/2013 BPPD/162/21.2.13/2963/8.3.13/13.3.13 400.00 1 ਕ ਤਰਲੋ B-494114 11/01/2020 1 400.00 Punjabi Bks
    Dewey Decimal Classification     Fiction D.B.Act.Division D.B.Act.Division 07/11/2012 DBAD / PUB 400.00   ਕ ਤਰਲੋ PN-6586 07/11/2012 1 400.00 Punjabi Bks
    Dewey Decimal Classification     Fiction Mobile Library Mobile Library 10/06/2013 BPPD/162/21.2.13/2963/8.3.13/13.3.13 400.00   ਕ ਤਰਲੋ B-494115 10/06/2013 1 400.00 Punjabi Bks
    Dewey Decimal Classification     Fiction Mobile Library Mobile Library 10/06/2013 BPPD/162/21.2.13/2963/8.3.13/13.3.13 400.00   ਕ ਤਰਲੋ B-494116 10/06/2013 1 400.00 Punjabi Bks
    Dewey Decimal Classification     Fiction R.K.Puram-8 R.K.Puram-8 10/06/2013 BPPD/162/21.2.13/2963/8.3.13/13.3.13 400.00   ਕ ਤਰਲੋ B-494118 10/06/2013 1 400.00 Punjabi Bks
    Dewey Decimal Classification     Fiction Sarojini Nagar Sarojini Nagar 10/06/2013 BPPD/162/21.2.13/2963/8.3.13/13.3.13 400.00   ਕ ਤਰਲੋ B-494117 10/06/2013 1 400.00 Punjabi Bks

© Delhi Public Library
Hit Counter
free hit counter